Scientific research (Record no. 122860)
[ view plain ]
| 000 -LEADER | |
|---|---|
| fixed length control field | 01039cam a22003251 4500 |
| 001 - CONTROL NUMBER | |
| control field | 260643 |
| 003 - CONTROL NUMBER IDENTIFIER | |
| control field | ARRUPE |
| 005 - DATE AND TIME OF LATEST TRANSACTION | |
| control field | 20150520163431.0 |
| 008 - FIXED-LENGTH DATA ELEMENTS--GENERAL INFORMATION | |
| fixed length control field | 841005s1967 gw a b 000 0 eng |
| 010 ## - LIBRARY OF CONGRESS CONTROL NUMBER | |
| LC control number | 66020638 |
| 035 ## - SYSTEM CONTROL NUMBER | |
| System control number | (OCoLC)178381 |
| 035 ## - SYSTEM CONTROL NUMBER | |
| System control number | (OCoLC)ocm00178381 |
| 035 ## - SYSTEM CONTROL NUMBER | |
| System control number | (CStRLIN)NYCG84-B66004 |
| 035 ## - SYSTEM CONTROL NUMBER | |
| System control number | (NNC)260643 |
| 040 ## - CATALOGING SOURCE | |
| Transcribing agency | DCL |
| 050 0# - LIBRARY OF CONGRESS CALL NUMBER | |
| Classification number | Q180.A1 |
| Item number | B77 |
| 082 ## - DEWEY DECIMAL CLASSIFICATION NUMBER | |
| Classification number | 501 |
| 090 ## - LOCALLY ASSIGNED LC-TYPE CALL NUMBER (OCLC); LOCAL CALL NUMBER (OCLC) | |
| Classification number (OCLC) (R) ; Classification number, CALL (RLIN) (NR) | Q180.A1 |
| Local cutter number (OCLC) ; Book number/undivided call number, CALL (RLIN) | B77 |
| 300 ## - PHYSICAL DESCRIPTION | |
| Other physical details | illus. |
| Dimensions | 24 cm. |
| 100 1# - MAIN ENTRY--PERSONAL NAME | |
| Personal name | Bunge, Mario, |
| Dates associated with a name | 1919- |
| 9 (RLIN) | 17895 |
| 245 10 - TITLE STATEMENT | |
| Title | Scientific research |
| Statement of responsibility, etc | [by] Mario Bunge. |
| 260 ## - PUBLICATION, DISTRIBUTION, ETC. (IMPRINT) | |
| Place of publication, distribution, etc | Berlin, |
| -- | New York, |
| Name of publisher, distributor, etc | Springer-Verlag, |
| Date of publication, distribution, etc | 1967. |
| 300 ## - PHYSICAL DESCRIPTION | |
| Extent | viii, 373 |
| 490 1# - SERIES STATEMENT | |
| Series statement | Studies in the foundations, methodology and philosophy of science ; |
| Volume number/sequential designation | v. 3 |
| 504 ## - BIBLIOGRAPHY, ETC. NOTE | |
| Bibliography, etc | Includes bibliographies. |
| 505 0# - FORMATTED CONTENTS NOTE | |
| Formatted contents note | v. 1. The search for system.--v. 2. The search for truth. |
| 650 #0 - SUBJECT ADDED ENTRY--TOPICAL TERM | |
| Topical term or geographic name as entry element | Research. |
| Source of heading or term | Methodology |
| 9 (RLIN) | 17896 |
| 830 #0 - SERIES ADDED ENTRY--UNIFORM TITLE | |
| Uniform title | Studies in the foundations, methodology and philosophy of science ; |
| Volume number/sequential designation | v. 3. |
| 9 (RLIN) | 17897 |
| 942 ## - ADDED ENTRY ELEMENTS (KOHA) | |
| Source of classification or shelving scheme | Library of Congress Classification |
| Koha item type | Monograph ( Printed materials) |
| Withdrawn status | Lost status | Source of classification or shelving scheme | Damaged status | Not for loan | Collection code | Home library | Current library | Shelving location | Date acquired | Total Checkouts | Full call number | Barcode | Date last seen | Price effective from | Koha item type |
|---|---|---|---|---|---|---|---|---|---|---|---|---|---|---|---|
| Library of Congress Classification | Main Collection | ARRUPE LIBRARY | ARRUPE LIBRARY | Main Collection | 20/05/2015 | Q180.A1B77 | 46500002315 | 03/07/2019 | 20/05/2015 | Monograph ( Printed materials) |